| 000 | 00797nam a22002297a 4500 | ||
|---|---|---|---|
| 005 | 20080923102150.0 | ||
| 008 | 080923t xxu||||| |||| 00| 0 eng d | ||
| 010 | _aENG-91050 | ||
| 020 | _c30.00 | ||
| 035 | _aEN-74583 | ||
| 037 | _bDBAD / PUB | ||
| 040 |
_adpl _bEnglish |
||
| 082 | _a512.9434 | ||
| 100 | _aRekha Natarajan | ||
| 245 |
_aMatrices / _cby Rekha Natarajan |
||
| 260 |
_aChennai _bSushimita Publications _c2008 |
||
| 270 |
_bChennai _aC-3/27, Jai Bharath Apts, Mogappair Eri Scheme, _e37 |
||
| 300 |
_a82p. _c22cm (pbk) |
||
| 650 | _aMatrices | ||
| 942 |
_2ddc _cEN _mNAT _h512.9434 |
||
| 999 |
_c15615 _d15615 |
||